La crisis universitaria en Centroamérica y las contribuciones de la sociología

Kaydedildi:
Detaylı Bibliyografya
Yazar: Cardona, Rokael
Materyal Türü: Metin
Baskı/Yayın Bilgisi: Guatemala: USAC
Etiketler: Etiketle
Etiket eklenmemiş, İlk siz ekleyin!

MARC

LEADER 00000 a a2200000 04500
001 21053
003
040
090 |a 090900  
100 |a Cardona, Rokael  
245 |a La crisis universitaria en Centroamérica y las contribuciones de la sociología  
260 |a Guatemala:   |b USAC  
300 |a 20 p.  
999 |c 10553  |d 10553